=LDR 00000nam 2200000 4500 =001 INLIS000000000001189 =005 20130612085610 =008 ***********************************Ind** =035 ##$$0010-061300000001189 =041 ##$$a Ind =082 ##$$a 534 =090 ##$$a 534, Par-b =100 ##$$a PARSONS, Alexandra =245 ##$$a Bunyi, Alexandra Parsons =260 ##$$a 1997 $b Jakarta =300 ##$$a 48 hlm, ilus, 27 cm =650 ##$$a Bunyi =850 ##$$a NBPNMAT